Normal view
MARC view
Entry Personal Name
001 - CONTROL NUMBER
- control field: 10371
003 - CONTROL NUMBER IDENTIFIER
- control field: ARRUPE
005 - DATE AND TIME OF LATEST TRANSACTION
- control field: 20140520133941.0
008 - FIXED-LENGTH DATA ELEMENTS
- fixed length control field: 140520|| aca||aabn | a|a d
040 ## - CATALOGING SOURCE
- Original cataloging agency: ARRUPE
- Transcribing agency: ARRUPE
100 ## - HEADING--PERSONAL NAME
- Personal name: Kipling, Rudyard,
- Dates associated with a name: 1865-1936.
670 ## - SOURCE DATA FOUND
- Source citation: Work cat.: (ARRUPE)0: Kipling, Rudyard, 1865-1936., A choice of Kipling's verse /, [1941]